Top 30 JID Songs - Statistics

General Stats
  • This quiz has been taken 26 times
  • The average score is 18 of 30
Answer Stats
# Song Rating % Correct
6. Surround Sound 94
100%
5. Dance Now 94
95%
4. Raydar 95
95%
7. Stars 93
95%
2. Kody Blu 31 97
90%
22. Glory 90
86%
3. Sistanem 95
86%
1. 2007 98
81%
16. Community 92
81%
12. NEVER 93
81%
8. 151 Rum 93
76%
19. Can't Punk Me 91
76%
9. Crack Sandwich 93
76%
17. Off Deez 92
71%
23. Better Days 90
67%
26. Just In Time 89
67%
21. Of Blue 91
67%
18. Workin Out 91
67%
30. Bruddanem 89
62%
10. Lauder Too 93
62%
27. Can't Make U Change 89
52%
20. For Keeps 91
52%
15. Off Da Zoinkys 92
43%
29. Slick Talk 89
43%
13. Bodies 92
33%
14. Down Bad 92
24%
11. Gold Feet 93
10%
25. Creep Inspire 90
0%
24. On Sight 90
0%
28. To B Honest 89
0%
No matching quizzes found
Score Distribution
Percent of People with Each Score
Percentile by Number Answered
Your Score History
You have not taken this quiz